000 00292nam a22001337a 4500
008 170915b xxu||||| |||| 00| 0 eng d
020 _a9780312415167
041 _aeng
080 _25 ED
_a7
100 _a44
101 _aART
245 _aANATOMY OF FILM
_cDICK.B.E
942 _2udc
_cBK
999 _c27844
_d27844